Obras Completas. Tomo III
Uloženo v:
| Hlavní autor: | |
|---|---|
| Médium: | Kniha |
| Jazyk: | Spanish |
| Vydáno: |
Madrid, España
Alianza Editorial
1983
|
| Témata: | |
| Tagy: |
Přidat tag
Žádné tagy, Buďte první, kdo vytvoří štítek k tomuto záznamu!
|
MARC
| LEADER | 00000nam a22000007a 4500 | ||
|---|---|---|---|
| 008 | 171127b xxu||||| |||| 00| 0 spa d | ||
| 040 | |a cru BVZT | ||
| 090 | |a 100 O-9o T.3 | ||
| 100 | |a Ortega y Gasset, José | ||
| 245 | |a Obras Completas. Tomo III |c José Ortega y Gasset | ||
| 260 | |a Madrid, España |b Alianza Editorial |c 1983 | ||
| 300 | |a 637 páginas. Tomo III | ||
| 650 | |a FILOSOFÍA | ||
| 650 | |a ARTÍCULOS 1917 - 1927 | ||
| 650 | |a ESPAÑA INVERTEBRADA | ||
| 650 | |a EL TEMA DE NUESTRO TIEMPO | ||
| 650 | |a APÉNDICES | ||
| 650 | |a LAS ATLÁNTIDAS | ||
| 650 | |a ESPÍRITU DE LA LETRA | ||
| 650 | |a MIRABEAU O EL POLÍTICO | ||
| 942 | |c SALA | ||
| 999 | |c 15401 |d 15401 | ||
